Public agencies and collaborative management apaproaches: examining resistance among administrative professionals (Record no. 75831)

000 -LEADER
fixed length control field 01431pab a2200193 454500
008 - FIXED-LENGTH DATA ELEMENTS--GENERAL INFORMATION
fixed length control field 180718b2007 xxu||||| |||| 00| 0 eng d
100 ## - MAIN ENTRY--PERSONAL NAME
Personal name Sushil Kumar
245 ## - TITLE STATEMENT
Title Public agencies and collaborative management apaproaches: examining resistance among administrative professionals
260 ## - PUBLICATION, DISTRIBUTION, ETC.
Date of publication, distribution, etc. 2007
300 ## - PHYSICAL DESCRIPTION
Extent p.569-611.
362 ## - DATES OF PUBLICATION AND/OR SEQUENTIAL DESIGNATION
Dates of publication and/or sequential designation Sep
520 ## - SUMMARY, ETC.
Summary, etc. Resistance among administrative professionals to participatory approaches is analyzed by means of a case study involving the implementation of community-based forest management (CBFM) in India. The model consists of two dimensions of attitudinal resistance to change - disapproval of CBFM regime by forest managers (a) at individual level and (b) at organizational level - and four categories of factors influencing resistance: personality traits, organizational factors, external environmental factors, and socialization factors. The model is empirically tested using the perceptions of forest managers working in state Forest Departments of four states in India. The empirical findings are used to suggest strengthening of organization and public administration theories on four aspects and to suggest some specific measures to deal with the attitudinal interia of public administrators. - Reproduced.
650 ## - SUBJECT ADDED ENTRY--TOPICAL TERM
Topical term or geographic name entry element Civil service
700 ## - ADDED ENTRY--PERSONAL NAME
Personal name Amburgey, Terry L.
700 ## - ADDED ENTRY--PERSONAL NAME
Personal name Kant, Shashi
773 ## - HOST ITEM ENTRY
Main entry heading Administration and Society
908 ## - PUT COMMAND PARAMETER (RLIN)
Put command parameter N
909 ## -
-- 75831
Holdings
Withdrawn status Lost status Damaged status Not for loan Permanent Location Current Location Date acquired Serial Enumeration / chronology Barcode Date last seen Price effective from Koha item type
        Indian Institute of Public Administration Indian Institute of Public Administration 2018-07-19 Volume no: 39, Issue no: 5 AR76291 2018-07-19 2018-07-19 Articles

Powered by Koha